| 000 | 01309nam a2200289 i 4500 | ||
|---|---|---|---|
| 003 | EG-GICUC | ||
| 005 | 20260429104352.0 | ||
| 008 | 260429s1978 sz ||||fr|||| 00| 0 ara d | ||
| 040 |
_aEG-GiCUC _bara _cEG-GiCUC _dEG-GiCUC _eRda |
||
| 082 | 0 | 4 |
_221 _a341.33 _bم ؤ . و |
| 092 | 0 | 4 | _221 |
| 099 | _aLaw1 11 341.33 م ؤ . و 1978 | ||
| 111 |
_aوثائق المؤتمر الدوبلوماسي لتأكيد وتطوير القانون الدولى الانسانى المطبق فى المنازعات المسلحة. _d(1977: _cجنيف) |
||
| 245 | 1 | 0 |
_aوثائق المؤتمر الدوبلوماسي لتأكيد وتطوير القانون الدولى الانسانى المطبق فى المنازعات المسلحة. _nالجزء السادس / _b _c |
| 264 | 3 |
_aبرن : _bنظارة الشئون السياسية الاتحادية، _c1978. |
|
| 300 |
_a163page : _billustration ; _c 24 cm. |
||
| 336 |
_2rda contenu _a texte |
||
| 337 |
_2rda medias _aOrdinateur |
||
| 338 |
_2 transporteur rda _a Ressource en ligne |
||
| 504 | _a | ||
| 546 | _aالنص باللغة العربية | ||
| 650 | 1 | 4 |
_aالدبلوماسية-القانون الدولى _2 |
| 651 | 1 | _2 | |
| 856 | 4 | 0 | _uhttps://fll.law.cu.edu.eg/fulltext/bks/B11-09699.pdf |
| 905 | _a50 | ||
| 942 |
_2ddc _cBK _e21 _n0 |
||
| 999 |
_c74082 _d74082 |
||